| 000 | 00398pam a2200169 a 4500 | ||
|---|---|---|---|
| 020 |
_a978-178019-178-2 _c |
||
| 041 | _h | ||
| 082 | _a641.814 | ||
| 100 |
_aCHRISTINE FRANCE _eAuthor |
||
| 245 |
_aCLASSIC SAUCES _cCHRISTINE FRANCE _hTextual Documents |
||
| 250 | _a1st | ||
| 260 |
_aEngland _bSOUTH WATER |
||
| 300 | _a224 | ||
| 653 | _aFOOD PRODUCTION | ||
| 700 | _eCo-Author | ||
| 930 | _a752 | ||
| 999 |
_c228153 _d228153 |
||